Seinfeld Chain Game Quiz Stats

 Plays Quiz not verified by Sporcle

Score 0/23 Timer 10:00
0 Plays Today
Hint Answer % Correct
????
100%
????
99.3%
????
97.8%
????
95%
????
82%
????
74.1%
????
54%
????
53.2%
????
53.2%
????
51.8%
????
42.4%
????
42.4%
Hint Answer % Correct
????
41.7%
????
41.7%
????
12.9%
????
5%
????
2.9%
????
2.9%
????
2.9%
????
2.9%
????
2.2%
????
2.2%
????
2.2%

You're not logged in!

Compare scores with friends on all Sporcle quizzes.
OR
Log In

Sporcle TV

Today on Sporcle TV


Watch our educational content, quiz creation guides, and fun videos on Sporcle TV.

Show Comments

Extras

Created Aug 10, 2016ReportNominate
Tags:Seinfeld Quiz, follow

Top Quizzes Today


Score Distribution

Your Account Isn't Verified!

In order to create a playlist on Sporcle, you need to verify the email address you used during registration. Go to your Sporcle Settings to finish the process.

Report this User

Report this user for behavior that violates our Community Guidelines.

Details: